|
|
|
|
| LEADER |
00000nas1a2200000 4500 |
| 001 |
380402 |
| 005 |
20231101062652.0 |
| 011 |
|
|
|a 0201-7385
|
| 011 |
|
|
|a 1029-3736
|
| 035 |
|
|
|a (RuTPU)RU\TPU\prd\1400
|
| 035 |
|
|
|a RU\TPU\prd\98
|
| 090 |
|
|
|a 380402
|
| 100 |
|
|
|a 20020214a19469999k y0rusy50 ca
|
| 101 |
0 |
|
|a rus
|
| 102 |
|
|
|a RU
|
| 110 |
|
|
|a ahaz|||0uu0
|
| 200 |
1 |
|
|a Вестник Московского университета
|h Сер. 18
|i Социология и политология
|e научный журнал
|f Московский государственный университет им. М. В. Ломоносова (МГУ)
|
| 210 |
|
|
|a М.
|c Изд-во МГУ
|d 1997-2013
|
| 300 |
|
|
|a С 2014 г. журнал представлен в электронном виде
|
| 305 |
|
|
|a Издается с 1946 г.
|
| 326 |
|
|
|a 4 номера в год
|
| 469 |
|
|
|0 (RuTPU)RU\TPU\subscr\261
|
| 610 |
1 |
|
|a социология
|
| 610 |
1 |
|
|a политология
|
| 610 |
1 |
|
|a социология науки
|
| 610 |
1 |
|
|a социология политики
|
| 610 |
1 |
|
|a политика
|
| 610 |
1 |
|
|a политические науки
|
| 675 |
|
|
|a 316
|v 3
|
| 675 |
|
|
|a 32.001
|v 3
|
| 712 |
0 |
2 |
|a Московский государственный университет им. М. В. Ломоносова (МГУ)
|2 stltpush
|3 (RuTPU)RU\TPU\col\7
|
| 801 |
|
0 |
|a RU
|b 63413507
|c 20011210
|g PSBO
|
| 801 |
|
2 |
|a RU
|b 63413507
|c 20180118
|g PSBO
|
| 856 |
4 |
|
|u https://elibrary.ru/title_about.asp?id=8383
|
| 856 |
4 |
|
|u http://www.msu.ru/resources/msu-publ.html#vestnik
|
| 942 |
|
|
|c CR
|
| 969 |
|
|
|0 001RU\TPU\subscr\261
|